| 000 | 02027nam0a2200421 4500 | ||
|---|---|---|---|
| 001 | RU\NLR\bibl\1694949 | ||
| 005 | 20260607070953.0 | ||
| 010 |
_a978-5-317-03321-7 _9100 |
||
| 021 |
_aRU _b2010-74585 _94955 |
||
| 035 | _a(nilc)RSL-KNO-004738451 | ||
| 035 | _a(NLR Aleph) 001686051 | ||
| 090 |
_a1131341 _c1131341 |
||
| 100 | _a20101004d2010 |||y0rusy50 ca | ||
| 101 | 0 | _arus | |
| 102 | _aRU | ||
| 105 | _ay zzzz||||| | ||
| 200 | 1 |
_aРоман Е. Замятина "Мы" в свете теории архетипов К. Г. Юнга _fКан Бен Юн _gМосковский гос. ун-т им. М. В. Ломоносова, Филологический фак. |
|
| 210 |
_aМосква _cМАКС Пресс _d2010 |
||
| 215 |
_a158, [1] с. _d21 |
||
| 320 | _aБиблиогр.: с. 143-157 (261 назв.) и в подстроч. прим. | ||
| 500 | 1 | 0 |
_6z01702 _aМы |
| 604 |
_1700#1$aЗамятин$bЕ. И.$gЕвгений Иванович$f1884 - 1937 _150010$a"Мы"$xОбразы$2nlr_sh2$3RU\NLR\AUTH\661546892 _3RU\NLR\AUTH\661546892 _aЗамятин, Евгений Иванович (1884 - 1937) _t"Мы" _xОбразы _92610334 |
||
| 606 | 1 |
_aАналитическая психология _92072471 _3RU\NLR\auth\661247309 |
|
| 686 |
_aШ5(2=Р)53-4Замятин Е.И.534,0 _2rubbk |
||
| 686 |
_aЮ3(4Ш)6-674Юнг К.Г.-3,0 _2rubbk |
||
| 686 | _aШ5(2=Р)53-4Замятин | ||
| 686 | _aЮ91(0)6-736.3 | ||
| 700 | 1 |
_4070 _7ca _8rus _aКан Бён Юн _f1975- _9197732 _3RU\NLR\AUTH\770197783 |
|
| 702 | 1 |
_4070 _7ca _8rus _aЮнг _bК. Г. _cпсихолог, философ _f1875-1961 _gКарл Густав _9112824 _3RU\NLR\AUTH\772816 |
|
| 702 | 1 |
_4070 _7ca _8rus _aЗамятин _bЕ. И. _f1884-1937 _gЕвгений Иванович _9110617 _3RU\NLR\auth\77571 |
|
| 801 | 0 |
_aRU _bРГБ _c20101004 _grcr |
|
| 801 | 1 |
_aRU _bРГБ _c20101004 |
|
| 801 | 2 |
_aRU _bNLR _c20101108 _grcr |
|
| 942 | _cBOOK | ||
| 980 | _aNB | ||